000 00374nam a2200145Ia 4500
005 20251222144712.0
008 251222s9999||||xx |||||||||||||| ||spa||
020 _a9788433028464
082 _a150/C68
100 _aClark, Davi A.
245 0 _aManual Práctico para la Ansiedad y Las Preocupaciones:
250 _a1ra.ed.
264 _bDesclée de Brouwer
942 _cLIB
999 _c17863
_d17863